Statistics for Guess the Taylor Swift Song (no hints) 189

Click here to take the quiz!

General Stats

  • This quiz has been taken 14 times
  • The average score is 230 of 376

Answer Stats

Answer% Correct
I
100%
the
100%
a
92%
and
92%
And
92%
me
92%
to
92%
To
92%
you
92%
you?"
92%
you,
92%
all
85%
be
85%
Go
85%
go
85%
It's
85%
like
85%
on
85%
they
85%
where
85%
are
77%
He
77%
he
77%
"How
77%
how
77%
I'll
77%
I'm
77%
in
77%
In
77%
that
77%
When
77%
but
69%
But
69%
his
69%
love
69%
not
69%
with
69%
day,
62%
day
62%
don't
62%
Don't
62%
down
62%
ever
62%
fine"
62%
hear
62%
if
62%
"Just
62%
never
62%
say
62%
say,
62%
some
62%
tell
62%
was
62%
were
62%
always
54%
can't
54%
'Cause
54%
every
54%
from
54%
got
54%
here
54%
here,
54%
He's
54%
he's
54%
him
54%
I've
54%
loved
54%
or
54%
said
54%
yeah
54%
You've
54%
about
46%
around
46%
away
46%
back
46%
back,
46%
Come
46%
come
46%
fly
46%
Forever
46%
forever
46%
hope
46%
miss
46%
other
46%
right
46%
Right
46%
thing
46%
word
46%
bad
38%
busy
38%
dark
38%
dark,
38%
far
38%
first
38%
forget
38%
forget,
38%
girl
38%
ground
38%
hang
38%
knows
38%
much
38%
one
38%
same
38%
save
38%
Superman
38%
superman
38%
Tall,
38%
today
38%
very
38%
watch
38%
work
38%
world,
38%
world
38%
ambition
31%
eyes
31%
eyes,
31%
father's
31%
flowers
31%
has
31%
irrational
31%
let
31%
looking
31%
mothers
31%
out
31%
places
31%
reputation
31%
smile
31%
someday
31%
take
31%
Wishing
31%
wishing
31%
wonder
31%
beautiful
23%
briefcase
23%
brown
23%
call
23%
card
23%
complicated,
23%
deep
23%
drives
23%
okay
23%
papers
23%
puts
23%
single
23%
Something
23%
I swear,
15%
La,
15%
la,
15%
la
15%
leave,
15%
lovestruck
15%
singing
15%
window
15%

Score Distribution

Percentile by Number Answered

Percent of People with Each Score

Your Score History

You have not taken this quiz